I prezzi in Europa dal XIII secolo a oggi : (Record n. 28316)

Dettagli MARC
000 -LEADER
fixed length control field 00814nam a2200229 i 4500
003 - CONTROL NUMBER IDENTIFIER
control field IT-RoINE
005 - DATE AND TIME OF LATEST TRANSACTION
control field 20190109081547.0
008 - FIXED-LENGTH DATA ELEMENTS--GENERAL INFORMATION
fixed length control field 960922s1967 it r | ita d
040 ## - CATALOGING SOURCE
Original cataloging agency SpMaBN
Language of cataloging spa
Transcribing agency CDM IT-RoINE
Modifying agency IT-RoINE
245 02 - TITLE STATEMENT
Title I prezzi in Europa dal XIII secolo a oggi :
Remainder of title saggi di storia dei prezzi /
Statement of responsibility, etc raccolti e presentati da Ruggiero Romano.
260 ## - PUBLICATION, DISTRIBUTION, ETC. (IMPRINT)
Place of publication, distribution, etc [Torino] :
Name of publisher, distributor, etc Einaudi,
Date of publication, distribution, etc 1967.
300 ## - PHYSICAL DESCRIPTION
Extent XLIV, 590 p. ;
Dimensions 22 cm.
336 ## - CONTENT TYPE
Source rdacontent
Content type term text
337 ## - MEDIA TYPE
Source rdamedia
Media type term unmediated
338 ## - CARRIER TYPE
Source rdacarrier
Carrier type term volume
490 1# - SERIES STATEMENT
Series statement Biblioteca di cultura storica ;
Volume number/sequential designation 93
504 ## - BIBLIOGRAPHY, ETC. NOTE
Bibliography, etc "Bibliografia": p. [569]-590.
650 #4 - SUBJECT ADDED ENTRY--TOPICAL TERM
Topical term or geographic name as entry element Precios
Geographic subdivision Europa
Form subdivision Historia
9 (RLIN) 55822
700 1# - ADDED ENTRY--PERSONAL NAME
Personal name Romano, Ruggiero,
9 (RLIN) 52715
Dates associated with a name 1923-
830 #0 - SERIES ADDED ENTRY--UNIFORM TITLE
9 (RLIN) 3311
Uniform title Biblioteca di cultura storica (Einaudi) ;
Volume number/sequential designation 93
942 ## - ADDED ENTRY ELEMENTS (KOHA)
Item type Monografías
Dati di copia
Withdrawn status Lost status Damaged status Not for loan Home library Current library Shelving location Date acquired Total Checkouts Full call number Barcode Date last seen Price effective from Koha item type
        Iglesia Nacional Española en Roma Iglesia Nacional Española en Roma Depósito 09/01/2019   HIS.GEN 106 54041 09/01/2019 09/01/2019 Monografías